00489nam a2200169Ia 4500003000400000005001700004008004100021020001800062040000900080082001800089100002100107245010500128250001200233260004600245300000900291650001900300OSt20200911154810.0190216s9999||||xx |||||||||||||| ||und|| a9781259097102 coclc a530.11bMOO/S aMoore, Thomas A  0aSix Ideas That Shaped Physics:bUnit R - The Laws of Physics Are Frame Independent /cThomas A Moore a2nd Ed. bMcGraw Hill Education,c2013.aNew Delhi: a213p aModern Physics